000
00337nam a22001577a 4500
003
SGT
020
_a
9789354669262
082
_a
918.92
_b
C25G
100
_a
GUPTA, PIYUSG
245
_a
CLINICAL METHODS IN PEDIATRICS
250
_a
6TH
260
_a
INDIA
_b
CBS PUB
_c
2025
300
_a
662
650
_a
PEDIATRICS
942
_2
ddc
_c
BK
999
_c
30479
_d
30479